[Event "AUT-ch U10 Girls"]
[Site "Woerth"]
[Date "2015.06.06"]
[Round "6.2"]
[White "Dodu, Crina Karina"]
[Black "Hirzinger, Lea"]
[Result "1-0"]
[WhiteElo "1003"]
[BlackElo "1165"]
[PlyCount "91"]
[EventDate "2015.06.05"]
[EventType "swiss"]
[EventRounds "7"]
[EventCountry "AUT"]
[SourceTitle "EXT 2024"]
[Source "ChessBase"]
[SourceDate "2023.10.10"]
[SourceVersion "1"]
[SourceVersionDate "2023.10.10"]
[SourceQuality "1"]

1. e4 e5 2. Nf3 Nc6 3. Bc4 Nf6 4. d3 Na5 5. Bb3 Nxb3 6. axb3 h6 7. Nxe5 d6 8. Nf3 Bg4 9. Nbd2 c6 10. 0-0 Be7 11. Re1 0-0 12. Nf1 Qd7 13. Ng3 Rfe8 14. h3 Bh5 15. Nxh5 Nxh5 16. Nh2 Nf6 17. Qf3 a6 18. Qg3 Nh5 19. Qf3 Nf6 20. d4 Nh7 21. Qg3 Bg5 22. Bxg5 Nxg5 23. Qh4 Nxe4 24. Qf4 Nf6 25. Re3 Nd5 26. Rxe8+ Rxe8 27. Qg3 Nf6 28. f3 d5 29. Re1 Rxe1+ 30. Qxe1 Qe8 31. Qg3 Qd7 32. Ng4 Nxg4 33. fxg4 b5 34. g5 hxg5 35. Qxg5 Qe6 36. Qd8+ Kh7 37. Kh2 Qf6 38. Qxf6 gxf6 39. Kg3 Kg6 40. Kg4 f5+ 41. Kf4 f6 42. g4 a5 43. h4 fxg4 44. Kxg4 a4 45. h5+ Kg7 46. Kf5 1-0

[Event "AUT-ch U12 Girls"]
[Site "Woerth"]
[Date "2015.05.24"]
[Round "4.5"]
[White "Hirzinger, Lea"]
[Black "Katter, Marlene"]
[Result "1-0"]
[WhiteElo "1165"]
[BlackElo "1077"]
[PlyCount "95"]
[EventDate "2015.05.23"]
[EventType "swiss"]
[EventRounds "7"]
[EventCountry "AUT"]
[SourceTitle "EXT 2024"]
[Source "ChessBase"]
[SourceDate "2023.10.10"]
[SourceVersion "1"]
[SourceVersionDate "2023.10.10"]
[SourceQuality "1"]

1. e4 e5 2. Nf3 Nc6 3. Bc4 Nf6 4. d3 Bc5 5. c3 0-0 6. Bb3 b6 7. 0-0 Bb7 8. Re1 Qe7 9. Nbd2 Rfe8 10. h3 Rad8 11. Nf1 h6 12. Ng3 d6 13. Qe2 Ba6 14. Be3 d5 15. Bxc5 bxc5 16. Qc2 c4 17. dxc4 Bxc4 18. Bxc4 dxc4 19. Rad1 Qe6 20. Rxd8 Rxd8 21. Rd1 Qe8 22. Rxd8 Qxd8 23. Qa4 Qd7 24. Qxc4 Qe6 25. Qxe6 fxe6 26. Kf1 Kf7 27. Ke2 Ke7 28. Kd3 Kd6 29. Kc4 h5 30. b4 g6 31. Kb5 Kd7 32. Kc5 a6 33. a4 Na7 34. Nxe5+ Kc8 35. Nxg6 Nd7+ 36. Kc4 Nb6+ 37. Kb3 Nd7 38. Nxh5 Nc6 39. Nhf4 e5 40. Nd5 Kd8 41. h4 Ke8 42. Nxc7+ Kf7 43. h5 Kg7 44. Nxa6 Kh6 45. g4 Nf6 46. f3 Kg5 47. b5 Na7 48. Nxe5 1-0

[Event "AUT-ch U12 Girls"]
[Site "Woerth"]
[Date "2015.05.23"]
[Round "2.5"]
[White "Hirzinger, Lea"]
[Black "Oberberger, Bianca"]
[Result "1-0"]
[WhiteElo "1165"]
[BlackElo "1076"]
[PlyCount "87"]
[EventDate "2015.05.23"]
[EventType "swiss"]
[EventRounds "7"]
[EventCountry "AUT"]
[SourceTitle "EXT 2024"]
[Source "ChessBase"]
[SourceDate "2023.10.10"]
[SourceVersion "1"]
[SourceVersionDate "2023.10.10"]
[SourceQuality "1"]

1. e4 e5 2. Nf3 Nc6 3. Bc4 Bc5 4. c3 d6 5. d4 exd4 6. cxd4 Bb6 7. Bb5 Bd7 8. Nc3 a6 9. Bc4 Qf6 10. Be3 Qg6 11. g3 h6 12. Nh4 Qf6 13. Nd5 Qd8 14. Nxb6 cxb6 15. a3 Qe7 16. Qd3 Nf6 17. f3 g5 18. Ng2 Bh3 19. Rg1 Rg8 20. g4 Rg7 21. Rc1 Rc8 22. Ba2 Qd7 23. Bd2 b5 24. Bc3 Kf8 25. Ne3 Ne7 26. Rg3 b6 27. Rxh3 Rh7 28. Rg3 Kg8 29. b4 Kf8 30. Ke2 Kg8 31. Rgg1 d5 32. e5 Ne8 33. Bb1 Ng6 34. Qd2 Ng7 35. Nf5 Ne6 36. Ng3 Ngf4+ 37. Kf1 Qe7 38. Nh5 Kh8 39. Bb2 Rxc1+ 40. Bxc1 Nxh5 41. gxh5 Nf4 42. Bxh7 Kxh7 43. Qc2+ Kg7 44. Bxf4 1-0

[Event "AUT-ch U08 Girls"]
[Site "Velden"]
[Date "2014.06.22"]
[Round "7"]
[White "Hirzinger, Lea"]
[Black "Katter, Marlene"]
[Result "0-1"]
[WhiteElo "802"]
[BlackElo "1001"]
[PlyCount "52"]
[EventDate "2014.06.20"]
[EventType "swiss"]
[EventRounds "7"]
[EventCountry "AUT"]
[SourceTitle "EXT 2016"]
[Source "ChessBase"]
[SourceDate "2015.10.08"]
[SourceVersion "1"]
[SourceVersionDate "2015.10.08"]
[SourceQuality "1"]

1. e4 c5 2. Nf3 Nc6 3. d4 cxd4 4. Nxd4 e6 5. Nc3 Nf6 6. Bg5 h6 7. Bf4 Bc5 8. Ncb5 d6 9. c3 e5 10. Nxc6 bxc6 11. Qb3 exf4 12. Be2 0-0 13. Nd4 Bxd4 14. cxd4 Be6 15. Bc4 Rb8 16. Qc3 Nxe4 17. Qd3 Bxc4 18. Qxc4 Rxb2 19. 0-0-0 Rb6 20. Rhf1 d5 21. Qd3 Rb4 22. f3 Rc4+ 23. Kb2 Qb6+ 24. Qb3 Rb4 25. Rd3 Rxb3+ 26. Rxb3 Qxd4+ 0-1

[Event "AUT-ch U08 Girls"]
[Site "Velden"]
[Date "2014.06.20"]
[Round "3"]
[White "Kicker, Anna"]
[Black "Hirzinger, Lea"]
[Result "0-1"]
[WhiteElo "800"]
[BlackElo "802"]
[PlyCount "38"]
[EventDate "2014.06.20"]
[EventType "swiss"]
[EventRounds "7"]
[EventCountry "AUT"]
[SourceTitle "EXT 2016"]
[Source "ChessBase"]
[SourceDate "2015.10.08"]
[SourceVersion "1"]
[SourceVersionDate "2015.10.08"]
[SourceQuality "1"]

1. e4 e5 2. Nf3 Nc6 3. Nc3 Nf6 4. Bc4 Bc5 5. Ng5 Qe7 6. Nxf7 Rg8 7. 0-0 b6 8. Ng5 h6 9. Bxg8 Nxg8 10. Nf3 Ba6 11. Re1 0-0-0 12. d3 Nd4 13. Nxd4 Bxd4 14. Nd5 Qf7 15. Nb4 Bxf2+ 16. Kf1 Bxe1+ 17. Kxe1 Bb5 18. c4 Rf8 19. cxb5 Qf2# 0-1